| 000 | 00569nam a2200193 a 4500 | ||
|---|---|---|---|
| 005 | 20240919063840.0 | ||
| 008 | 030228s2001 mx r 000 0 spa d | ||
| 020 | _a9707010967 | ||
| 035 | _aUPN01000122278 | ||
| 049 | _aCG | ||
| 050 | 4 |
_aJL1281 _bC6.2 |
|
| 100 | 1 | _aCossío Díaz, José Ramón | |
| 245 | 1 | 0 |
_aCambio social y cambio jurídico / _cJosé Ramón Cossío Díaz. |
| 260 |
_aMéxico : _bM. A. Porrúa : _bITAM, _c2001. |
||
| 300 | _a387 p. | ||
| 651 | 4 |
_aMéxico _xPolítica y gobierno _94512 |
|
| 651 | 4 |
_aMéxico _xPolítica social _96687 |
|
| 905 | _aLibro | ||
| 999 |
_c94475 _d94475 |
||